000 00744nam a2200205 a 4500
003 AM-YeHGA
005 20250618071726.0
008 030902s1938 ai 000 | arm d
040 _aAM-YeHGA
041 0 _aarm
100 1 _aԱրազի, Մովսես,
_d1878-1964
_9972
245 1 0 _aԱկունքներ :
_b[Վիպակ] /
_cԱրազի; Խմբ.՝ Սիրաս.
260 _aԵրևան :
_bՊետհրատ,
_c1938.
300 _a95 էջ ;
_c22 սմ.
650 1 4 _aՀայ գրականություն
_xՎիպակ
700 1 _aՍիրաս, Հմայակ Սահակի,
_d1902-1983
_eխմբ.
_4edt
_91945
856 4 _uhttps://arar.sci.am/dlibra/publication/312283/edition/286794/content
_yԿարդալ առցանց
942 _2udc
_cBK
090 _c93989
999 _c92690
_d92690